| 000 | 00600nam a2200205Ia 4500 | ||
|---|---|---|---|
| 003 | GCL | ||
| 008 | 140319s9999 xx 000 0 ara d | ||
| 040 |
_aGCL / _cGCL |
||
| 082 | 0 | 4 |
_a266.4 _bن ف |
| 100 | 1 | _aيوسف زيدان | |
| 245 | 1 | 0 |
_aفوائح الجمال وفواتيح الجلال / _cيوسف زيدان |
| 700 | 1 | _aنجم الدين كبرى | |
| 260 |
_a[S.N] : _bدار سعاد الصباح ، _c1993 |
||
| 300 | _a301 ص | ||
| 490 | _a | ||
| 650 | 0 | 4 | _aالاسلام |
| 650 | 0 | 4 | _aالتصوف الاسلامى |
| 650 | 0 | 4 | _aالطرق الصوفية |
| 942 |
_2ddc _cBK |
||
| 999 |
_c35769 _d35769 |
||